000 00292nam a2200121Ia 4500
008 240731s9999 xx 000 0 und d
022 _a1607-842X
245 0 _aAutoimmunity
260 _bTaylor & Francis
856 _uhttps://www.tandfonline.com/loi/iaut20
942 _2ddc
942 _cTFEJ
999 _c75570
_d75570
945 _a1
_bMadushi Gamage
_c1
_dMadushi Gamage